Central Library OPAC University of Rajshahi

The contest of faculties : (Record no. 62261)

MARC details
000 -LEADER
fixed length control field 00847nam a2200277 a 4500
001 - CONTROL NUMBER
control field 62261
003 - CONTROL NUMBER IDENTIFIER
rucl marc code BD-RjUL
005 - DATE AND TIME OF LATEST TRANSACTION
control field 20211209081048.0
008 - FIXED-LENGTH DATA ELEMENTS--GENERAL INFORMATION
fixed length control field 850717s1985 enk b 001 0 eng
020 ## - INTERNATIONAL STANDARD BOOK NUMBER
International Standard Book Number 0416399304
International Standard Book Number 0416399401 (pbk.)
035 ## - SYSTEM CONTROL NUMBER
System control number (BD-RjUL)62387
040 ## - CATALOGING SOURCE
Original cataloging agency DLC
Transcribing agency DLC
Modifying agency BD-RjUL
Language of cataloging eng
041 ## - LANGUAGE CODE
Language code of text/sound track or separate title eng
082 00 - DEWEY DECIMAL CLASSIFICATION NUMBER
Classification number 809
Edition number 23
Author mark and year NOC 1985
100 1# - MAIN ENTRY--PERSONAL NAME
Personal name Norris, Christopher
Dates associated with a name 1947-
9 (RLIN) 185188
245 14 - TITLE STATEMENT
Title The contest of faculties :
Remainder of title philosophy and theory after deconstruction /
Statement of responsibility, etc. Christopher Norris.
260 ## - PUBLICATION, DISTRIBUTION, ETC. (IMPRINT)
Place of publication, distribution, etc. London ;
-- New York :
Name of publisher, distributor, etc. Methuen,
Date of publication, distribution, etc. c1985
300 ## - PHYSICAL DESCRIPTION
Pagination viii, 247 p. ;
Size 23 cm.
500 ## - GENERAL NOTE
General note Includes index.
504 ## - BIBLIOGRAPHY, ETC. NOTE
Bibliography, etc Bibliography: p. [229]-242.
650 #0 - SUBJECT ADDED ENTRY--TOPICAL TERM
Topical term or geographic name as entry element Deconstruction.
9 (RLIN) 170810
Topical term or geographic name as entry element Narration (Rhetoric)
9 (RLIN) 185010
Topical term or geographic name as entry element Literature
General subdivision Philosophy.
9 (RLIN) 170808
942 ## - ADDED ENTRY ELEMENTS (KOHA)
Source of classification or shelving scheme Dewey Decimal Classification
Koha item type Books
Holdings
Lost status Source of classification or shelving scheme Damaged status Not for loan Collection code Permanent Location Current Location Shelving location Date acquired Source of acquisition Total Checkouts Full call number Date last seen Copy number Koha item type
  Dewey Decimal Classification   Not For Loan Non-fiction Central Library, University of Rajshahi Central Library, University of Rajshahi Reading Room 06/09/2008 Prosashok R. U   809 NOC 1985 23/01/2017 C-1 Books